000 02201cam a22001934a 4500
005 20250605164342.0
008 250528s ||||||||||||||||||||||||d
035 _a23652
040 _aGR-AtMCL
_bgre
_dGR-AtMCL
_eAACR2
245 1 _aΟ Περιφερειακός - Τοπικός Τύπος και ο Ρόλος του στα Πολιτικά Δρώμενα.
260 _c2011
300 _a28
520 _aΗ Ιστορία του Ελληνικού Τύπου και Ειδικά του Τοπικού, Η Ανάπτυξη του Περιφερειακού - Τοπικού Τύπου από την Στιγμή της Εμφάνισης του, Ο Ρόλος και η Σημαντικότητα του Τοπικού Τύπου μέχρι την Σημερινή του Μορφή, Γιατί είναι Σημαντική η Περιφερειακότητα στην Δημοσιογραφία, Η Απήχηση του Τοπικού Τύπου Σήμερα, Βασικά Χαρακτηριστικά του Τοπικού Τύπου, Μέτρα που Πρέπει να Ληφθούν για την Ανάκαμψη του Τύπου, Η μορφή του Περιοδικού Τοπικού Τύπου και το Μερίδιό του στην Ενημέρωση, Ο Ρόλος του Τύπου και η Σχέση του με τον Πολίτη, Αύξηση της Ανταγωνιστικότητας του Τοπικού Τύπου, Αύξηση και της Ευθύνης Απέναντι στους Αναγνώστες, Τοπικός Τύπος και Ευκαιριακά έντυπα, Η Σχέση της Τοπικής Αυτοδιοίκησης με τον Περιφεριακό - Τοπικό Τύπο, Η σχέση του Κράτους με τον Τοπικό Τύπο, το Internet και τα ΜΜΕ, Αναφορές Πολιτικών Προσώπων στην Σπουδαιότητα του Τοπικού Τύπου, Συμπεράσματα, Βιβλιογραφία.
700 1 _aΒενετσάνου Ηλέκτρα
_99248
700 1 _aΧατζηπαναγιώτου Δήμητρα
_99249
942 _cDS
999 _c8649
_d8649